MDQL
is popping MORE tags! Check the
thread
!
Quizzes
Events
Quiz Creation
Community
Videos
Private Events
Remove Ads
Sign In
Join for FREE
Feedback
Dark Mode
Quiz Categories
Sports
Geography
Music
Movies
Television
Just For Fun
Miscellaneous
History
Literature
Language
Science
Gaming
Entertainment
Religion
Holiday
For Kids
Quiz Lab
Recent
Popular Today
Quiz Kudos Today
Editor Picks
Curator Picks
Quizzes by...
Day
Popularity
Type
Ratings
Length
Year
Community
Subscriptions
Recent Discussions
Orange Saloon
Badges
Playlists
Quests
Create
Leaderboards
Showdown
Live 5
Trivia Bingo
Activity
Puzzle Library
Sporcle Events
Private Events
Virtual Trivia
Globe League
Become a Host
Pub Owners
SporcleCon
Opinionation
Our Games
Videos
Blog
Mobile Apps
Partnerships
Remove Ads and Go Orange
Feedback
Movies
Disney
Marvel Cinematic Universe
Movie Resume
Movie Titles
Oscar
Actor
Actress
Director
Pixar
Role
Movie Quotes
Movie Characters
Box Office
Nominee
Best Picture
Star Wars
James Bond
Horror Movies
Movies
Disney
Marvel Cinematic Universe
Movie Resume
Movie Titles
Oscar
Actor
Actress
Director
Pixar
Role
Movie Quotes
Movie Characters
Box Office
Nominee
Best Picture
Star Wars
James Bond
Horror Movies
Random Quiz
Search Sporcle
×
Quiz Lab
Quiz Lab
Movies
Pertaining
Type in answers that appear in a list
Type in answers that appear in a list
Classic
Best Score? Go Orange.
The Big Lebowski Quiz Stats
Can you name the random trivial answers pertaining to The Big Lebowski?
By
fatbeard
9m
32 Questions
3,309 Plays
3,309 Plays
3,309 Plays
Comments
Comments
Give Quiz Kudos
Give Quiz Kudos
-
- Ratings
hide this ad
Replay
Link that replays current quiz
Next Quiz
Link to next quiz in quiz playlist
You Got
0%
They Got
Avg Score
71%
Avg Friend Score
Upgrade to see
Score Distribution
Jump to the score distribution portion of the page
Score
0/32
Timer
09:00
0
Plays Today
Hint
Answer
% Correct
His Nickname
The Dude
99.5%
His Favorite Sport
Bowling
97.3%
The Main Character
Jeffrey Lebowski
96.8%
His Favorite Drink
Caucasian
96.7%
His Best Friend
Walter Sobchak
96.3%
Played By
Jeff Bridges
94.9%
The Rival Bowler/
Pederast
The Jesus Quintana
93.8%
Played By
John Goodman
90.1%
The 'Big' Lebowski's Wife
Bunny Lebowski
89.5%
What the Rug Did to the Room
It Really Tied it Together
85.7%
The Directors
Ethan and Joel Coen
83.5%
Walter Can Get You This By 3 PM, With Nail Polish!
toe
81%
and His Daughter
Maude Lebowski
79.7%
The Obviously Non-
Amphibious Animal Thrown into a Bathtub
A Marmot
77.1%
Theodore Kerabotsos, Better Known as
Donny
76.8%
Logjammin's Producer
Jackie Treehorn
76.5%
Hint
Answer
% Correct
The Red Hot Chili Pepper Who Plays a Nihilist
Flea
76.2%
Who Steps Over the Line
Smokey
74.8%
How he Treats Objects
Jackie Treehorn Treats Objects Like Women
73.3%
Walter's Frame of Reference
Vietnam War
72.6%
Who Pissed on His Rug
Woo, the Asian American. Chinaman is not the Preferred Nomenclature
69.5%
Played by
Steve Buscemi
64.1%
What Happens When You 'Find a Stranger in The Alps' (Censoring is a beautiful thing)
This. This is what happens when you find a stranger in the Alps. Do you see, Larry?
63.6%
What Will Not Stand
This Aggression Will Not Stand
63%
What tapes are stolen from the car
Creedence Clearwater Revival
59.3%
The Show Dog, Which Has Papers, and Can't be Boarded
Pomeranian
42.8%
Little Larry's Father
Arthur Digby Sellers
41.7%
...And Proud We Are of All of Them
Little Lebowski Urban Achievers
41.7%
Main Character's only form of ID
A Ralph's Card
34%
The Famed Video Artist/
Annoying Laugher
Knox Harrington
32.2%
The Main Character Was a Roadie on This Metallica Tour
The Speed of Sound Tour
26.2%
Sioux City Sarsaparilla?
That's a Good One
25.5%
Quiz Playlist
Details
Report
Send in Message
Add To Playlist
Classic:
Type in answers that appear in a list
Last Updated: Feb 16, 2017
Quiz Scoreboard
CHALLENGE
Sign Up to Join the Scoreboard
Show All
Scores
Hide
Comments
May contain spoilers
Recently Published
Colored Red Africa Blitz
by spor1
Geography
30s
Find the 'City' Movie
by crazypaving
Movies
60s
5x2 Blitz: Bands
by SL_Kpop136
Music
30s
More to Explore
Quiz From the Vault
Featured Blog Post
14 Easter Pick-up Lines to Find Eggs With
hide this ad
You Might Also Like...
Tags
Pertaining
The Big Lebowski
Today's Top Quizzes in Movies
Browse Movies
hide this ad
Top Contributed Quizzes in Movies
1
Find The 'Big' Movie
2
Find The 'Wild' Movie
3
Find The 'Blue' Movie
4
Movies By Plot
5
Pick 5 Posters: Directed by Spielberg
6
Hidden Star Wars Character II
7
Hidden Star Wars Character III
8
Hidden Star Wars Character IV
9
Alfred Hitchcock Movies by Plot
10
Hidden Star Wars Character V
Explore More
Trending Topics
Harry Potter
Marvel
Disney
Crossword
Anime
Kpop
NBA
NFL
Song
Country
Soccer
Puzzle
WWE
The Office
Pokémon
hide this ad
More By:
fatbeard
Quiz
Plays
Rating
Category
Featured
Created
Countries With 'K'
266,971
4.55
Geography
Oct 6, 2009
Countries with 'Y'
122,208
4.62
Geography
Oct 8, 2009
Countries With All Five Vowels
27,017
4.27
Geography
Oct 6, 2009
NHL All Star Starters Since '95
5,492
4.59
Sports
Jan 5, 2010
Best NHL Goal Scorers of the Decade
4,482
4.30
Sports
Dec 1, 2009
Go to Creator's Profile
Score Distribution
Quiz Creator Spotlight
fatbeard
Follow
Send a Message
Quizzes Created
-
Created Quiz Play Count
-
More By This Creator
Popular Quizzes Today
1
Find the 'City' Movie
2
5x2 Blitz: Bands
3
Colored Red Africa Blitz
4
Find the US States - No Outlines Minefield
5
The Countries of the World
6
Find the US States
7
9x9 Crossword: Cartoon Network
8
US States
More Movies Quizzes
Actors By Movie 7-to-1: 2004
Published
Trending Quizzes
Colored Red Europe Blitz I
Colored Red Africa Blitz II
Colored Red Europe Blitz III
Colored Red Europe Blitz II
Colored Red Africa Blitz III
Recently Updated
Champions League XIs: Real Madrid
pecheneg
Largest US Cities 1790-2010
pecheneg
Rides in Walt Disney World
pecheneg
Most Oscar Losses (Acting)
pecheneg
Beyoncé Albums
pecheneg
Leaping Animals
pecheneg
Reality TV Shows (A-Z)
bhenderson79
Rickey Henderson's Hall of Fame Teammates
pecheneg
Champions League XIs: Arsenal
pecheneg
Quick Pick: Celebrities in WWE's Hall of Fame
aduchscher
Trending Topics
Disney
Anime
Marvel
Kpop
Crossword
Harry Potter
NBA
Pokémon
Country
WWE
NFL
The Office
Puzzle
Song
Soccer
Your Account Isn't Verified!
In order to create a playlist on Sporcle, you need to verify the email address you used during registration. Go to your
Sporcle Settings
to finish the process.
Report this User
Report this user for behavior that violates our
Community Guidelines
.
Details:
Send Report
Go to the Sporcle.com Mobile Site →
Comments